000 00794nam a2200217Ia 4500
003 OSt
005 20210421171809.0
008 210310s1856 ec grl 000 0 spa d
040 _aCO-JMCR
_cCO-JMCR
041 0 _aspa
082 0 4 _a350.7246 /
_bR425l
_223
100 _aRepublica del Ecuador
_915078
110 1 _aRepública del Ecuador
_937040
240 _aLeyes, decretos, etc.
245 1 0 _aLeyes de aduana y de contrabando, reglamento del resguardo y la tarifa del malecón del año 1849 :
_bmandadas observar por la lejislatura de 1855 /
_cRepública del Ecuador
260 _aGuayaquil :
_bImprenta de Murillo,
_c1856
300 _b56 páginas ;
_c22 cm.
650 1 4 _a Aduanas
_915080
_vAranceles
_xLegislación
_zEcuador
650 2 4 _aContrabando
_zEcuador
_937041
942 _2ddc
_cBK
999 _c7660
_d7660